| 000 | 00910nam a2200277 a 4500 | ||
|---|---|---|---|
| 001 | 77516 | ||
| 003 | BD-RjUL | ||
| 005 | 20211209082959.0 | ||
| 008 | 201019r19581924enk b 001 0 eng d | ||
| 035 | _a(BD-RjUL)77741 | ||
| 035 | _a2349911 | ||
| 040 |
_aANL _beng _cANL _dXNTU _dBD-RjUL |
||
| 041 | _aeng | ||
| 082 | 0 | 4 |
_223 _a822.409 _bDOR 1958 |
| 100 | 1 |
_aDobree, Bonamy, _d1891- _9241848 |
|
| 245 | 1 | 0 |
_aRestoration comedy 1660-1720 / _cby Bonamy Dobree. |
| 260 |
_aOxford : _bOxford University Press, _c1924 , [reprinted 1958] |
||
| 300 |
_a182 p. ; _c20 cm. |
||
| 500 | _aIncludes index. | ||
| 504 | _aBibliography: p. 174-178. | ||
| 650 | 0 |
_aEnglish drama _yRestoration, 1660-1700 _xHistory and criticism. _9241849 |
|
| 650 | 0 |
_aEnglish drama _y18th century _xHistory and criticism. _9241850 |
|
| 650 | 0 |
_aEnglish drama (Comedy) _xHistory and criticism. _9241851 |
|
| 942 |
_2ddc _cBK |
||
| 999 |
_c77516 _d77516 |
||